| Tag |
First Indicator |
Second Indicator |
Subfields |
| LEADER |
00000cam a2200000 a 4500 |
| 001 |
in00002783700 |
| 005 |
20151202172713.0 |
| 008 |
901003s1809 mx 000 0 spa c |
| 035 |
|
|
|a (OCoLC)ocm22466188
|
| 035 |
|
|
|a (OCoLC)22466188
|
| 040 |
|
|
|a RQP
|c RQP
|d OCLCQ
|d OCLCG
|d TXA
|d UtOrBLW
|
| 042 |
|
|
|a pcc
|
| 043 |
|
|
|a n-mx---
|a e-sp---
|
| 049 |
|
|
|a TXAM
|
| 050 |
|
4 |
|a F1231
|b .B463 1809
|
| 100 |
1 |
|
|a Beristáin de Souza, José Mariano,
|d 1756-1817.
|
| 245 |
1 |
0 |
|a Discurso dirigido á los señores regidores de ... :
|b sobre la eleccion de diputado de la Nueva Espãna, en cumplimiento de la Real orden de la Suprema Junta Central de 29 de Enero de 1809 /
|c su autor Filopatro.
|
| 264 |
|
1 |
|a Mexico :
|b Impresa en la Oficina de Doña Maria Fernandez de Jauregui,
|c 1809.
|
| 300 |
|
|
|a 23 pages ;
|c 20 cm.
|
| 336 |
|
|
|a text
|b txt
|2 rdacontent
|
| 337 |
|
|
|a unmediated
|b n
|2 rdamedia
|
| 338 |
|
|
|a volume
|b nc
|2 rdacarrier
|
| 500 |
|
|
|a Pamphlet enumerating the qualities an elector to the Suprema Junta ought to have.
|
| 500 |
|
|
|a Medina (cited below) identifies "Filopatro" as José Mariano Beristáin de Souza.
|
| 510 |
4 |
|
|a Medina, J.T. México,
|c 10224
|
| 500 |
|
|
|a The Cushing Library/Colonial Mexican Imprint Collection copy is bound with: A los españoles americanos. Sevilla : [1808?] -- Invectiva contra el mayor traidor del universo... Reimpreso en México : ... María Fernandez Jauregui, 1808 -- Proclama. Leales habitantes del Reyno de N.E., ... [Mexico : 1809] -- Carta que el habitor del desierto dirige al Abate Monti... Reimpreso en Cádiz : por D. Manuel Carreño, [180-?] -- Reclamacion del pueblo español al supremo Consejo de Castilla. Cádiz : Por Don Nicolas Gomez de Requena, 1808 -- Bosquejo de los apuros de Bonaparte. [México? : between 1808 and 1813] -- Manifiesto de la nación española a la Europa... México : ... Maria Fernandez e Jauregui, 1809 -- Elogio hecho en Londres en favor de la España y de sus esforzados militares... Mexico : Imprenta de Arizpe, 1808 -- La crueldad francesa contra los indefensos de la villa de Uclés en el mes de Enero de 1809. Sevilla : 1809 -- Sermon que predicó el señor Josef Bonaparte,... Reimpreso en México : Por D. Mariano Zúñiga y Ontiveros, 1809 -- Los mamelucos triunfantes, y páparos extinguidos. Novela. Impreso en Cádiz... : ... María Fernandez de Jauregui, 1809 -- Centinela contra franceses, parte segunda ; Centinela contra franceses (parte primera) / Antonio de Capmany. Madrid : G. Fuentenebro y compañia..., 1809 -- El desengaño. Discurso historico politico y legal sobre ... / Por F.R.V. Mexico : ... Maria Fernandez de Jauregui, 1809 -- Las dos tiranias. Papel escrito en frances / por Mr. Peltier... México : Reimpreso en Casa de Arizpe, 1809 -- Fallo pronunciado en el tribunal de la verdad contra el libelo que se publico en Bayona... / Don Crispin Jofrescochea. [Mexico] : ... María Fernández de Jauregui, 1809 -- Manifiesto de la causa formada por el Senor don Josef Maria Manescau... / Gazeta D. Juan Lopez Cancelada. Cädiz : ... Maria Fernandez de Jauregui, [1808?] -- Gritos patrioticos : papel publicado en Valencia. [Mexico] : ... D. Manuel Antonio Valdés, [1809] -- Resumen de los hechos mas notables que fixan la conducta del exercito frances,... / por D. T. de V. [Mexico] : María Fernández de Jauregui, 1809 -- El Don Quixote de ahora con Sancho Panza el de Antaño / por Don Francisco Meseguer. Mexico : ... María Fernández de Jauregui, 1809 -- Manifiesto imparcial y exácto de lo mas importante ocurrido en Aranjuez,... [Mexico City] : ... D. Manuel Antonio Valdés, 1809 -- Queja o reclamacion de España a todos los franceses de honor y rectitud,... / por J.N.A.J.R.L.P.D.C. Mexico : Oficina de Arizpe, 1808 -- Representacion que hizo nuestro soberano el señor D. Fernando VII. á su padre el señor D. Carlos IV. en octubre de 1807. Mexico : ... María Fernández de Jauregui, 1809 -- Sermon que en la jura del Señor Don Fernando VII (que Dios guarde)... / D. Manuel de la Barcena. Mexico : Imprenta de Arizpe, 1808
|5 TXA
|
| 610 |
1 |
0 |
|a Spain.
|b Junta Suprema Central Gubernativa del Reino.
|
| 651 |
|
0 |
|a Mexico
|x Politics and government
|y 1540-1810.
|
| 700 |
1 |
|
|a Fernández de Jáuregui, María,
|d -1815,
|e printer.
|
| 948 |
|
|
|a cataloged
|b h
|c 2013/1/15
|d enhance
|e fpiscitelli
|f 5:25:25 pm
|
| 994 |
|
|
|a C0
|b TXA
|
| 999 |
|
|
|a MARS
|
| 999 |
f |
f |
|s 95790ae9-97ef-37ca-970e-8f5f88d1f155
|i a0fbc174-4983-3faf-ae76-8ae6f8b413d7
|t 0
|
| 952 |
f |
f |
|p noncirc
|a Texas A&M University
|b College Station
|c Cushing Memorial Library & Archives
|d Cushing: Colonial Mexican Imprints (Does not check out)
|t 0
|e DP204 .C65 1808
|h Library of Congress classification
|i unmediated -- volume
|
| 952 |
f |
f |
|a Texas A&M University
|b College Station
|c Cushing Memorial Library & Archives
|d Cushing: Colonial Mexican Imprints (Does not check out)
|t 0
|e DP204 .C65 1808
|h Library of Congress classification
|
| 998 |
f |
f |
|a DP204 .C65 1808
|t 0
|l Cushing: Colonial Mexican Imprints (Does not check out)
|